[Event "OLOA 1920 SG Leipzig I - SK König Plaue"]
[Site "?"]
[Date "2021.07.18"]
[Round "11.5"]
[White "Linnert, Niklas"]
[Black "Roesemann, Rainer"]
[Result "0-1"]
[WhiteElo "2008"]
[BlackElo "2269"]
[PlyCount "50"]
[EventDate "2021.??.??"]
[EventType "team-tourn"]

1. e4 c6 2. d4 d5 3. exd5 cxd5 4. Bd3 Nc6 5. c3 Qc7 6. h3 g6 7. Qc2 Bf5 8. Nf3
Bxd3 9. Qxd3 Nf6 10. O-O Bg7 11. Re1 O-O 12. Be3 Rfc8 13. Nbd2 e6 14. Bg5 b5
15. Ne5 Nxe5 16. dxe5 Nd7 17. f4 b4 18. cxb4 Qb6+ 19. Qe3 Qxb4 20. Nb3 a5 21.
a3 Qb7 22. Re2 a4 23. Nd4 Rc4 24. b3 axb3 25. Nxb3 Re4 0-1

[Event "OLOA 1920 SG Leipzig I - SK König Plaue"]
[Site "?"]
[Date "2021.07.18"]
[Round "11.6"]
[White "Gempe, Thomas"]
[Black "Pivtorak, Ilya"]
[Result "0-1"]
[WhiteElo "2187"]
[BlackElo "1596"]
[PlyCount "56"]
[EventDate "2021.??.??"]
[EventType "team-tourn"]

1. e4 e5 2. Nf3 Nc6 3. Bc4 Bc5 4. c3 Nf6 5. d4 exd4 6. O-O Nxe4 7. cxd4 Bb6 8.
d5 Ne7 9. Qc2 Nd6 10. Bd3 h6 11. Nc3 O-O 12. Bf4 Ne8 13. Rad1 d6 14. h3 Nf6 15.
Bg3 Nh5 16. Bh2 Kh8 17. g4 Nf6 18. g5 Nfxd5 19. gxh6 Bxh3 20. hxg7+ Kxg7 21.
Kh1 Bxf1 22. Rxf1 Rg8 23. Qd2 Nxc3 24. Qxc3+ Kf8 25. Bf4 Qd7 26. Kh2 Qg4 27.
Bh6+ Ke8 28. Bb5+ c6 0-1

[Event "OLOA 1920 SG G-W Dresden - USV Halle"]
[Site "?"]
[Date "2021.07.18"]
[Round "11.3"]
[White "Schulte, Felix"]
[Black "Gehmlich, Marcel"]
[Result "1/2-1/2"]
[WhiteElo "2162"]
[BlackElo "2189"]
[PlyCount "22"]
[EventDate "2021.??.??"]
[EventType "team-tourn"]

1. d4 Nf6 2. Bg5 d5 3. Bxf6 exf6 4. e3 Be6 5. Bd3 Nd7 6. Nd2 c6 7. c3 f5 8. Ne2
Bd6 9. Qc2 g6 10. O-O Qc7 11. Nf3 Nf6 1/2-1/2

[Event "OLOA 1920 SG G-W Dresden - USV Halle"]
[Site "?"]
[Date "2021.07.18"]
[Round "11.4"]
[White "Schnoor, Ekkehard"]
[Black "Hentzgen, Thomas"]
[Result "1/2-1/2"]
[WhiteElo "2106"]
[BlackElo "2024"]
[PlyCount "41"]
[EventDate "2021.??.??"]
[EventType "team-tourn"]

1. e4 e6 2. d3 d5 3. Nd2 Nf6 4. Ngf3 c5 5. g3 Nc6 6. Bg2 Be7 7. O-O O-O 8. Re1
a5 9. e5 Nd7 10. a4 Qc7 11. Qe2 Nd4 12. Nxd4 cxd4 13. Nf3 Bb4 14. Rf1 Bc5 15.
h4 Ra6 16. h5 f6 17. exf6 Nxf6 18. h6 Ng4 19. hxg7 Qxg7 20. Nh2 Nxh2 21. Kxh2
1/2-1/2

[Event "OLOA 1920 SG G-W Dresden - USV Halle"]
[Site "?"]
[Date "2021.07.18"]
[Round "11.5"]
[White "Perekhozhuk, Maksym"]
[Black "Nake, Matthias"]
[Result "1/2-1/2"]
[WhiteElo "1976"]
[BlackElo "2169"]
[PlyCount "22"]
[EventDate "2021.??.??"]
[EventType "team-tourn"]

1. e4 c5 2. Nf3 Nc6 3. d4 cxd4 4. Nxd4 g6 5. c4 Bg7 6. Nc2 d6 7. Be2 Nf6 8. Nc3
O-O 9. O-O b6 10. Be3 Bb7 11. Qd2 Rc8 1/2-1/2

[Event "OLOA 1920 FVS ASP Hoyerswerda - SV Sang"]
[Site "?"]
[Date "2021.07.18"]
[Round "11.1"]
[White "Strache, Michael"]
[Black "Orsag, Milan"]
[Result "1/2-1/2"]
[WhiteElo "2281"]
[BlackElo "2314"]
[PlyCount "58"]
[EventDate "2021.??.??"]
[EventType "team-tourn"]

1. d3 d5 2. Nd2 e5 3. Ngf3 Nc6 4. e4 Nf6 5. c3 a5 6. Be2 Bc5 7. O-O O-O 8. a4
Re8 9. Nb3 Ba7 10. Nfd2 Be6 11. exd5 Bxd5 12. Nc4 Bxc4 13. dxc4 Qe7 14. Qd3
Rad8 15. Qh3 Nd7 16. Be3 Bxe3 17. Qxe3 b6 18. Rad1 Nc5 19. Nxc5 Qxc5 20. Qe4 g6
21. Bf3 Ne7 22. b4 axb4 23. cxb4 Qxb4 24. Rxd8 Rxd8 25. Qxe5 Qd6 26. Qa1 Qc5
27. Qf6 Qd6 28. Qa1 Qc5 29. Qf6 Qd6 1/2-1/2

[Event "OLOA 1920 FVS ASP Hoyerswerda - SV Sang"]
[Site "?"]
[Date "2021.07.18"]
[Round "11.3"]
[White "Heyder, Florian"]
[Black "Hovsepyan, Vardan"]
[Result "0-1"]
[WhiteElo "2210"]
[BlackElo "2231"]
[PlyCount "70"]
[EventDate "2021.??.??"]
[EventType "team-tourn"]

1. e4 e5 2. Nf3 Nc6 3. c3 d5 4. Qa4 Qd6 5. exd5 Qxd5 6. Be2 Bd7 7. d3 Nf6 8.
O-O Bc5 9. Bg5 Nd4 10. Qd1 Nxf3+ 11. Bxf3 e4 12. Bxf6 exf3 13. Re1+ Be6 14. Be5
O-O-O 15. d4 fxg2 16. Nd2 Qd7 17. dxc5 Qxd2 18. Qa4 Kb8 19. Rad1 Qg5 20. Qa5
Qe7 21. Bd4 Rd5 22. Bxg7 Rhd8 23. Rxd5 Rxd5 24. Bd4 Qg5 25. Re3 b6 26. Qb4 Kb7
27. Rg3 Qc1+ 28. Kxg2 Rh5 29. c4 Bxc4 30. c6+ Kxc6 31. Rc3 Qf1+ 32. Kg3 Qh3+
33. Kf4 Rf5+ 34. Ke4 Qg4+ 35. Ke3 Qf4# 0-1

[Event "OLOA 1920 FVS ASP Hoyerswerda - SV Sang"]
[Site "?"]
[Date "2021.07.18"]
[Round "11.4"]
[White "Jahnel, Guenther"]
[Black "Hillmann, Michael"]
[Result "1-0"]
[WhiteElo "2177"]
[BlackElo "2112"]
[PlyCount "83"]
[EventDate "2021.??.??"]
[EventType "team-tourn"]

1. d4 d5 2. c4 c6 3. Nf3 Nf6 4. e3 a6 5. Qc2 e6 6. Bd3 Nbd7 7. O-O Bd6 8. Nbd2
h6 9. b3 O-O 10. Bb2 Nh5 11. a4 f5 12. cxd5 cxd5 13. Ba3 Bxa3 14. Rxa3 g5 15.
b4 g4 16. Ne1 f4 17. Bg6 Qg5 18. Bxh5 Qxh5 19. exf4 Rxf4 20. Rc3 Rf8 21. f3 g3
22. hxg3 e5 23. Qd3 Rf6 24. Nc2 a5 25. dxe5 Qxe5 26. Re1 Qh5 27. g4 Qf7 28.
bxa5 Rc6 29. Nd4 Rxc3 30. Qxc3 Nf8 31. N2b3 Bd7 32. Qb4 Bc6 33. Nf5 Qf6 34. Qf4
h5 35. Re7 Kh8 36. gxh5 Bd7 37. Re5 Bxa4 38. Nbd4 Rxa5 39. g4 Bd7 40. g5 Ra1+
41. Kg2 Qa6 42. Re2 1-0

[Event "OLOA 1920 FVS ASP Hoyerswerda - SV Sang"]
[Site "?"]
[Date "2021.07.18"]
[Round "11.5"]
[White "Hellwig, Tobias"]
[Black "Kesik, Klaus-Dieter"]
[Result "1/2-1/2"]
[WhiteElo "2212"]
[BlackElo "2172"]
[PlyCount "243"]
[EventDate "2021.??.??"]
[EventType "team-tourn"]

1. d4 d5 2. c4 e6 3. Nc3 c5 4. e3 Nf6 5. Nf3 Nc6 6. Be2 a6 7. O-O dxc4 8. dxc5
Qxd1 9. Rxd1 Bxc5 10. Bxc4 b5 11. Nxb5 axb5 12. Bxb5 Bb7 13. Bd2 O-O 14. Rac1
Ne4 15. Ng5 Nxd2 16. Rxd2 Rfd8 17. Rxd8+ Rxd8 18. h4 Be7 19. Rxc6 Bxc6 20. Bxc6
Rd1+ 21. Kh2 Rd2 22. Kg3 Rxb2 23. a4 h6 24. Nh3 Bd6+ 25. Kf3 Kf8 26. Ng1 Bb4
27. Ne2 Be1 28. Bb5 Ke7 29. g3 e5 30. e4 g6 31. g4 f5 32. gxf5 gxf5 33. exf5
Kf6 34. Kg2 Kxf5 35. Bd7+ Ke4 36. Bb5 Kd5 37. Kf1 Ba5 38. Kg2 Bb6 39. f3 Bd8
40. Kg3 Rb4 41. h5 Bh4+ 42. Kg2 Be1 43. Kf1 Rb1 44. Kg2 Ke6 45. f4 exf4 46.
Nxf4+ Kf6 47. Be8 Rb8 48. Bg6 Ra8 49. Nd3 Bc3 50. Kf3 Rxa4 51. Ke3 Kg5 52. Kf3
Rd4 53. Ke3 Rd7 54. Kf3 Rd6 55. Nc5 Rc6 56. Ne4+ Kh4 57. Kf4 Bf6 58. Kf5 Bg5
59. Be8 Ra6 60. Bg6 Ra5+ 61. Ke6 Kg4 62. Nf2+ Kg3 63. Nd3 Bf4 64. Kf6 Kf3 65.
Ke6 Ke3 66. Bf5 Ra6+ 67. Kd5 Rd6+ 68. Kc5 Rxd3 69. Bxd3 Kxd3 70. Kb4 Be5 71.
Kb3 Bc3 72. Ka3 Kc2 73. Ka2 Bg7 74. Ka3 Bc3 75. Ka2 Bf6 76. Ka3 Bd4 77. Ka2 Bh8
78. Ka3 Kd3 79. Ka2 Ke4 80. Kb3 Kd3 81. Ka2 Ke4 82. Kb3 Kf5 83. Kc2 Kg5 84. Kd3
Kf4 85. Ke2 Kg3 86. Kf1 Bd4 87. Ke2 Kg2 88. Ke1 Ba7 89. Ke2 Bf2 90. Kd2 Kf3 91.
Kd1 Bh4 92. Kd2 Kf2 93. Kd1 Bg5 94. Kc2 Bd8 95. Kd2 Ba5+ 96. Kc2 Kf3 97. Kd3
Bb4 98. Kd4 Kg4 99. Ke3 Kg3 100. Ke2 Kg2 101. Ke3 Ba5 102. Ke2 Bb6 103. Ke1
Bf2+ 104. Ke2 Bc5 105. Ke1 Bb4+ 106. Ke2 Ba5 107. Ke3 Kg3 108. Ke2 Bb6 109. Kf1
Bf2 110. Ke2 Kg2 111. Kd2 Kf3 112. Kd1 Bg3 113. Kd2 Kg4 114. Ke2 Kxh5 115. Kf3
Bb8 116. Kg2 Kg4 117. Kh1 h5 118. Kg1 h4 119. Kh1 h3 120. Kg1 h2+ 121. Kh1 Ba7
122. Kxh2 1/2-1/2

[Event "OLOA 1920 FVS ASP Hoyerswerda - SV Sang"]
[Site "?"]
[Date "2021.07.18"]
[Round "11.6"]
[White "Boehm, Robert"]
[Black "Guenther, Christian"]
[Result "1/2-1/2"]
[WhiteElo "2148"]
[BlackElo "2153"]
[PlyCount "37"]
[EventDate "2021.??.??"]
[EventType "team-tourn"]

1. d4 d5 2. Nf3 c6 3. c4 Nf6 4. Nc3 a6 5. e3 b5 6. b3 Bg4 7. Be2 Nbd7 8. O-O e6
9. h3 Bh5 10. a4 b4 11. Na2 Be7 12. Bb2 a5 13. Nc1 O-O 14. cxd5 cxd5 15. Nd3
Qb6 16. Nfe5 Bxe2 17. Qxe2 Rfc8 18. Nxd7 Nxd7 19. Rfc1 1/2-1/2

[Event "OLOA 1920 FVS ASP Hoyerswerda - SV Sang"]
[Site "?"]
[Date "2021.07.18"]
[Round "11.7"]
[White "Ellemann, Stefan"]
[Black "Grohmann, Alexander"]
[Result "0-1"]
[WhiteElo "2045"]
[BlackElo "1972"]
[PlyCount "112"]
[EventDate "2021.??.??"]
[EventType "team-tourn"]

1. c4 Nf6 2. g3 e6 3. Bg2 d5 4. Nf3 b6 5. O-O Be7 6. cxd5 exd5 7. d4 O-O 8. Nc3
Bb7 9. Bf4 Nh5 10. Be5 f6 11. Bf4 Nxf4 12. gxf4 Bd6 13. e3 c6 14. Qb3 Kh8 15.
Ne2 Nd7 16. Rfd1 Re8 17. Rac1 Nf8 18. Bh3 Bc8 19. Bg2 Bd7 20. Ne1 Qe7 21. Nd3
Ng6 22. Rd2 Nh4 23. Bh1 Qe6 24. Qd1 g5 25. fxg5 Rg8 26. Ndf4 Rxg5+ 27. Kf1 Bxf4
28. Nxf4 Qg8 29. Qc2 Re8 30. Rdd1 Rg1+ 31. Ke2 Bg4+ 32. f3 Rxh1 33. Rxh1 Bxf3+
34. Kf2 Bxh1 35. Rxh1 Qg4 36. Qe2 Qxe2+ 37. Kxe2 Nf5 38. Rc1 Rxe3+ 39. Kf2 Re4
40. Nh5 Nxd4 41. Nxf6 Re2+ 42. Kg3 Rxb2 43. Rd1 Nf5+ 44. Kf4 Rf2+ 45. Ke5 Nh4
46. Ke6 Ng6 47. Kf7 Ne5+ 48. Ke6 Nf3 49. Ng4 Rxa2 50. Rd3 h5 51. Nf6 Ng5+ 52.
Kf5 Ne4 53. Nxh5 Rxh2 54. Kg6 Rg2+ 55. Kf7 Rf2+ 56. Kg6 Kg8 0-1